A-Z Random Words Quiz #3 - Statistics

General Stats
  • This quiz has been taken 44 times
  • The average score is 22 of 26
Answer Stats
Definition Word % Correct
J (4) A thing that someone says to cause amusement or laughter, especially a story with a funny punchline Joke
100%
K (7) A room or area where food is prepared and cooked Kitchen
100%
N (4) A structure or place made or chosen by a bird for laying eggs and sheltering its young Nest
100%
H (4) A period of time equal to a twenty-fourth part of a day and night and divided into 60 minutes Hour
97%
C (3) A road vehicle, typically with four wheels, powered by an internal combustion engine and able to carry a small number of people Car
95%
I (6) Refuse to take notice of or acknowledge; disregard intentionally Ignore
95%
U (5) A watery, typically yellowish fluid stored in the bladder and discharged through the urethra Urine
95%
P (4) The pointed top of a mountain Peak
92%
T (4) A car licensed to transport passengers in return for payment of a fare, usually fitted with a taximeter Taxi
92%
V (5) A recording of moving visual images made digitally or on videotape Video
92%
B (4) A round, deep dish or basin used for food or liquid Bowl
89%
E (4) Achieved without great effort; presenting few difficulties Easy
89%
R (6) Move or cause to move in a circle around an axis or center Rotate
89%
W (4) (of an animal or plant) living or growing in the natural environment; not domesticated or cultivated Wild
89%
F (5) The side or part of an object that presents itself to view or that is normally seen or used first; the most forward part of something Front
87%
L (5) A point or level beyond which something does not or may not extend or pass Limit
87%
Q (4) Leave (a place), usually permanently Quit
87%
S (4) Shut (a door, window, or lid) forcefully and loudly Slam
84%
M (7) A substance made by mixing other substances together Mixture
82%
Y (5) Have an intense feeling of longing for something, typically something that one has lost or been separated from Yearn
76%
A (3) A part of the circumference of a circle or other curve Arc
74%
Z (6) The highest point reached by a celestial or other object Zenith
68%
D (4) A small pointed missile that can be thrown or fired Dart
66%
G (6) A sudden, usually temporary malfunction or irregularity of equipment Glitch
53%
X (5) The principal or horizontal axis of a system of coordinates, points along which have a value of zero for all other coordinates X-axis
47%
O (7) Not important or well known Obscure
37%
No matching quizzes found
Score Distribution
Percent of People with Each Score
Percentile by Number Answered
Your Score History
You have not taken this quiz